000 00557cam a22002051 4500
001 he 68003299
003 DLC
005 20260227111505.0
008 840604s1967 is 000 0 heb
010 _ahe 68003299
035 _a(OCoLC)19155980
040 _aDLC
_cMH
_dCU
_dDLC
042 _apremarc
050 0 0 _aPJ5054.S4537
_bT7
100 1 _aShifrah, S.,
_d1931-
245 1 3 _aha-Tsaʻad ha-ba :
_bshirim /
_cSh. Shifrah.
260 _a[Tel Aviv] :
_bMaḥbarot le-sifrut,
_c[1967 or 1968]
300 _a45 p. :
_c22cm..
752 _aIsrael
_dTel Aviv
999 _c33846
_d33846